000 00349nam a2200145 a 4500
005 20140412111329.0
008 110115s19uu xx 00 eng d
020 _a0-02-181251-9
050 _aBB
_bTr784 1985
100 _aJonas, Ann
245 _aThe Trek /
_cAnn Jonas.
260 _aNY :
_bMacmillan,
_c1985.
300 _a32p.
999 _c104809
_d104809